000 00468nam a2200181Ia 4500
001 15895
005 20260306170229.0
008 260306t2018||||xx |||||||||||||| ||und||
041 _aESP
082 _a620.112
_bV66P
100 _aVillarreal Castro, Genner,
_eAUT
245 0 _aPrácticas y exámenes resueltos de resistencia de materiales
260 _c2018
300 _a101 páginas :
_c29 cm.
650 _aGEN
654 _aCII
942 _cLIB
_dJUS
_fJUS
_2ddc
_n
999 _c15895
_d15895